[Event "Belem Gambito da Dama op 1st U2000"]
[Site "Belem"]
[Date "2018.02.02"]
[Round "2.10"]
[White "Medeiros, Jose Eduardo Guimar"]
[Black "Batista Junior, Juscelino De P"]
[Result "0-1"]
[WhiteElo "1758"]
[BlackElo "1800"]
[PlyCount "52"]
[EventDate "2018.02.12"]
[EventType "swiss"]
[EventRounds "5"]
[EventCountry "BRA"]
[SourceTitle "EXT 2022"]
[Source "ChessBase"]
[SourceDate "2021.10.06"]
[SourceVersion "1"]
[SourceVersionDate "2021.10.06"]
[SourceQuality "1"]

1. d4 Nf6 2. c4 g6 3. Nc3 d5 4. cxd5 Nxd5 5. e4 Nxc3 6. bxc3 Bg7 7. Nf3 c5 8. Be2 Nc6 9. Bb2 Qb6 10. Rb1 cxd4 11. cxd4 Qa5+ 12. Kf1 Qxa2 13. Bc3 Qa3 14. Qd2 0-0 15. e5 Bf5 16. Ra1 Qb3 17. Nh4 Bh6 18. Qxh6 Qxc3 19. Rc1 Qxd4 20. Nxf5 gxf5 21. Qg5+ Kh8 22. Qxf5 Qxe5 23. Qh3 Rg8 24. Bf3 Rg6 25. g3 Nd4 26. Bxb7 Qb5+ 0-1